书目信息 |
| 题名: |
中国人民政治协商会议年鉴2007
|
|
| 作者: | 钱运录 主编 | |
| 分册: | ||
| 出版信息: | 北京 中国文史出版社 2009.01 |
|
| 页数: | 719页 | |
| 开本: | 20cm | |
| 丛书名: | ||
| 单 册: | ||
| 中图分类: | D627-54 | |
| 科图分类: | ||
| 主题词: | 政治--中国 | |
| 电子资源: | ||
| ISBN: | 978-7-5034-2335-2 | |
| 000 | 00601nam0 2200217 45 | |
| 001 | 0959496031 | |
| 005 | 20091106163315.62 | |
| 010 | @a978-7-5034-2335-2@dCNY80.00 | |
| 100 | @a20090515d2009 ekmy0 y0120 ea | |
| 102 | @aCN@b130000 | |
| 102 | @aCN@b110000 | |
| 105 | @ay z 000yy | |
| 200 | 1 | @a中国人民政治协商会议年鉴2007@f钱运录主编@Fqian yun lu zhu bian |
| 210 | @a北京@c中国文史出版社@d2009.01 | |
| 215 | @a719页@d20cm | |
| 606 | 0 | @a政治@x中国 |
| 690 | @aD627-54@v4 | |
| 701 | 0 | @a钱运录@Aqian yun lu@4主编 |
| 801 | 0 | @aCN@c20091106 |
| 905 | @a10447@dD627-54@eQ2602 | |
| 906 | @d80@n1@r1 | |
| 中国人民政治协商会议年鉴2007/钱运录主编.-北京:中国文史出版社,2009.01 |
| 719页;20cm |
| ISBN 978-7-5034-2335-2:CNY80.00 |
| ● |
| 相关链接 |
|
|
|
正题名:中国人民政治协商会议年鉴2007
索取号:D627-54/Q2602
 
预约/预借
| 序号 | 登录号 | 条形码 | 馆藏地/架位号 | 状态 | 备注 |
| 1 | 894138 | 208941387 | 社科库509/509社科库 73排1列2层/ [索取号:D627-54/Q2602] | 在馆 |